Miesto prímestskej rekreácie v aktuálnej spoločensko-ekonomickej situácii na Slovensku

Obsahové vymedzenie a charakteristické znaky prímestskej rekreácie. Determinanty ďalšieho rozvoja prímestskej rekreácie. Typológia návštevníkov cestovného ruchu. Ekonomické, demografické, sociálne, urbanistické a dopravné determinanty.

Gespeichert in:
Bibliographische Detailangaben
1. Verfasser: Pachingerová, Mária
Format: Buchkapitel
Sprache:Slowakisch
Schlagworte:
Tags: Tag hinzufügen
Keine Tags, Fügen Sie das erste Tag hinzu!

MARC

LEADER 00000naa$a2200000$$$4500
001 0018290
005 20231108130111.3
041 0 |a slo 
044 |a SK 
245 1 0 |a Miesto prímestskej rekreácie v aktuálnej spoločensko-ekonomickej situácii na Slovensku  |c Mária Pachingerová 
520 |a Obsahové vymedzenie a charakteristické znaky prímestskej rekreácie. Determinanty ďalšieho rozvoja prímestskej rekreácie. Typológia návštevníkov cestovného ruchu. Ekonomické, demografické, sociálne, urbanistické a dopravné determinanty. 
610 2 0 |a ruch cestovný 
610 2 0 |a Slovensko 
610 2 0 |a rekreácia 
610 2 0 |a štýl životný 
610 2 0 |a pojmy 
610 2 0 |a turistika 
610 2 0 |a služby 
610 2 0 |a doprava 
610 2 0 |a urbanizmus 
100 1 |a Pachingerová, Mária